000 00703nam a22002297a 4500
001 62809
003 UA-OsUOA
005 20211019221641.0
007 ta
008 20090911b un ||||| |||| 00| 0 ukr d
040 _aUA-OsUOA
_brus
_cUA-OsUOA
_dUA-OsUOA
041 _arus
080 _a94(470+571)
090 _a94(470+571)
_bД84
100 _aДурновцев В. И.
245 _aПроблемы истории России и стран Запада в освещении государственной школы
_bучебное пособие по спецкурсу
260 _aМ.
_c1984
300 _a107 с.
650 7 _a94 Історія
_2UDC
942 _cBK
_2udc
955 _a2
999 _c348874
_d348874